=LDR 00000nam 2200000 4500 =001 INLIS000000000032988 =005 20130612134952 =008 ***********************************ind** =035 ##$$0010-061300000032988 =041 ##$$a ind =082 ##$$a 152.4 =090 ##$$a 152.4, Fah t =100 ##$$a Fahrurroji, Moeh =245 ##$$a Total Forgivenness, Moeh fahruroji; Penyunting, Doel Wahab =260 ##$$a 2008 $b Bandung =300 ##$$a 176 hlm, 21 cm =650 ##$$a Eosi dan Perasaan =850 ##$$a NBPNMAT